000 00948nam0a22002771 4500
001 rc\4638560
005 20250612140056.0
021 _aRU
_b[67-35117]
035 _a(NLR Aleph) 008683899
090 _a9196189
_c9196189
100 _a20130416d1967 |||y0rusy50 ca
101 0 _arus
102 _aRU
105 _aab z |||||
200 1 _aВведение в спорово-пыльцевой анализ
_fАН СССР. Всесоюз. ботан. о-во
210 _aМосква
_cНаука
_d1967
215 _a270 с., 2 л. черт., карт.
_cил., карт.
_d26
320 _aБиблиогр.: с. 239-256
320 _aВспом. указатели: с. 257-269
606 _aСпорово-пыльцевой анализ
_2psbo
700 1 _aСладков
_bА.Н.
_gАртемий Николаевич
801 0 _aRU
_bNLR
_gpsbo
801 1 _aRU
_bELAR
_2rusmarc
852 _aNLR
_j67-7/1051
942 _cBOOK
980 _aNB